Central Library OPAC University of Rajshahi

Play production : (Record no. 16433)

MARC details
000 -LEADER
fixed length control field 00844cam a22002771 4500
001 - CONTROL NUMBER
control field 16433
003 - CONTROL NUMBER IDENTIFIER
rucl marc code BD-RjUL
005 - DATE AND TIME OF LATEST TRANSACTION
control field 20211209000017.0
008 - FIXED-LENGTH DATA ELEMENTS--GENERAL INFORMATION
fixed length control field 140213s1952 paua 001 0 eng
035 ## - SYSTEM CONTROL NUMBER
System control number (BD-RjUL)16488
System control number (OCoLC)1482147
040 ## - CATALOGING SOURCE
Original cataloging agency DLC
Transcribing agency FJ
Modifying agency BD-RjUL
Language of cataloging eng
041 ## - LANGUAGE CODE
Language code of text/sound track or separate title eng
082 00 - DEWEY DECIMAL CLASSIFICATION NUMBER
Classification number 792
Edition number 20
Author mark and year HEP 1952
100 1# - MAIN ENTRY--PERSONAL NAME
Personal name Hewitt, Barnard,
Dates associated with a name 1906-
9 (RLIN) 50810
245 10 - TITLE STATEMENT
Title Play production :
Remainder of title theory and practice /
Statement of responsibility, etc. by Barnard Hewitt, J.F. Foster, and Muriel Sibell Wolle.
260 ## - PUBLICATION, DISTRIBUTION, ETC. (IMPRINT)
Place of publication, distribution, etc. Philadelphia :
Name of publisher, distributor, etc. Lippincott,
Date of publication, distribution, etc. c1952.
300 ## - PHYSICAL DESCRIPTION
Pagination viii, 488 p. :
Illustrations illus. ;
Size 23 cm.
500 ## - GENERAL NOTE
General note Includes index.
650 #0 - SUBJECT ADDED ENTRY--TOPICAL TERM
Topical term or geographic name as entry element Theater
General subdivision Production and direction.
9 (RLIN) 50317
700 1# - ADDED ENTRY--PERSONAL NAME
Personal name Foster, J.F.
Personal name Wolle, Muriel Sibell.
942 ## - ADDED ENTRY ELEMENTS (KOHA)
Source of classification or shelving scheme Dewey Decimal Classification
Koha item type Books
Holdings
Lost status Source of classification or shelving scheme Damaged status Not for loan Collection code Permanent Location Current Location Shelving location Date acquired Source of acquisition Total Checkouts Full call number Date last seen Copy number Koha item type
  Dewey Decimal Classification   Not For Loan Non-fiction Central Library, University of Rajshahi Central Library, University of Rajshahi Reading Room 18/02/1958 U.S.I.S.   792 HEP 1952 13/02/2014 C-1 Books